000 00359nam a2200145Ia 4500
008 230917s9999||||xx |||||||||||||| ||und||
040 _e125325
_aMAIN
041 _aEnglish
082 _a791.4309 W541H
100 _aWexman, Virginia Wright
245 0 _aHistory of film
260 _aNew Delhi
_bParson education
_c2007
300 _a494p p.
942 _cBK
999 _c148147
_d148147